Geografía de América por letra - I - Estadísticas

Estadísticas generales
  • Esta prueba ha sido intentada 196 veces
  • La puntuación promedio es 7 de 16
Estadísticas de respuestas
Pista Respuesta % Correcto
Estado de Chicago Illinois
93%
Cataratas entre Brasil y Argentina Iguazú
88%
Una de las playas más famosas de Río de Janeiro Ipanema
78%
Cozumel, San Andrés o Margarita Isla
77%
Este estado estadounidense es famoso por sus patatas Idaho
75%
Panamá es este tipo de accidente geográfico Istmo
68%
Esta ciudad alberga una carrera de 500 millas Indianápolis
62%
Pueblo indígena de esa ciudad Inuit
29%
Ciudad más grande del mundo sin conexión terrestre directa al mar. Iquitos
27%
Ciudad-puerto y provincia de Chile septentrional Iquique
26%
La llamada Capital Musical de Colombia Ibagué
17%
La más grande de las islas Galápagos Isabela
13%
Esta "Ciudad Blanca" de Ecuador toma su nombre de una ciudad vasca Ibarra
12%
Ciudad más poblada de la isla de Baffin Iqaluit
10%
Ciudad o partido del Gran Buenos Aires Ituzaingó
10%
Código IATA del aeropuerto Washington-Dulles IAD
5%
No se encontraron pruebas coincidentes
Distribución de puntuación
Porcentaje de gente con cada puntuación
Porcentaje por número respondido
Historial de tus puntuaciones
No has intentado esta prueba.